|
|
|
|
| LEADER |
02183nam a2200469 i 4500 |
| 001 |
EBC3155056 |
| 003 |
MiAaPQ |
| 005 |
20200520144314.0 |
| 006 |
m o d | |
| 007 |
cr cnu|||||||| |
| 008 |
140410t20092009ne a ob 000 0 eng d |
| 020 |
|
|
|z 9789059723382
|
| 020 |
|
|
|a 9789059728653
|q (electronic bk.)
|
| 035 |
|
|
|a (MiAaPQ)EBC3155056
|
| 035 |
|
|
|a (Au-PeEL)EBL3155056
|
| 035 |
|
|
|a (CaPaEBR)ebr10852844
|
| 035 |
|
|
|a (OCoLC)878145357
|
| 040 |
|
|
|a MiAaPQ
|b eng
|e rda
|e pn
|c MiAaPQ
|d MiAaPQ
|
| 041 |
|
|
|a eng
|a dut
|
| 043 |
|
|
|a e-ne---
|
| 050 |
|
4 |
|a HD1697.N4
|b .D855 2009
|
| 082 |
0 |
|
|a 333.91009492
|2 23
|
| 100 |
1 |
|
|a Duijn, Michael,
|e author.
|
| 245 |
1 |
0 |
|a Embedded reflection on public policy innovation :
|b a relativist/pragmatist inquiry into the practice of innovation and knowledge transfer in the WaterINNovation program /
|c by Michael Duijn ; cover design, Joris Spiertz ; editing, Dr. Adele Sanders.
|
| 264 |
|
1 |
|a Delft, [Netherlands] :
|b Eburon,
|c 2009.
|
| 264 |
|
4 |
|c 2009
|
| 300 |
|
|
|a 1 online resource (412 pages) :
|b illustrations
|
| 336 |
|
|
|a text
|2 rdacontent
|
| 337 |
|
|
|a computer
|2 rdamedia
|
| 338 |
|
|
|a online resource
|2 rdacarrier
|
| 504 |
|
|
|a Includes bibliographical references.
|
| 546 |
|
|
|a Summary in Dutch.
|
| 588 |
|
|
|a Description based on online resource; title from PDF title page (ebrary, viewed April 08, 2014).
|
| 590 |
|
|
|a Electronic reproduction. Ann Arbor, MI : ProQuest, 2015. Available via World Wide Web. Access may be limited to ProQuest affiliated libraries.
|
| 650 |
|
0 |
|a Water resources development
|z Netherlands.
|
| 650 |
|
0 |
|a Water utilities
|z Netherlands
|x Management.
|
| 655 |
|
4 |
|a Electronic books.
|
| 700 |
1 |
|
|a Spiertz, Joris,
|e cover designer.
|
| 700 |
1 |
|
|a Sanders, Adele,
|e editor.
|
| 776 |
0 |
8 |
|i Print version:
|a Duijn, Michael.
|t Embedded reflection on public policy innovation : a relativist/pragmatist inquiry into the practice of innovation and knowledge transfer in the WaterINNovation program.
|d Delft, [Netherlands] : Eburon, c2009
|h xv, 396 pages
|z 9789059723382
|
| 797 |
2 |
|
|a ProQuest (Firm)
|
| 856 |
4 |
0 |
|u https://ebookcentral.proquest.com/lib/matrademy/detail.action?docID=3155056
|z Click to View
|